100 Largest Islands on the World Map - Statistics

General Stats
  • This quiz has been taken 12,971 times
  • The average score is 38 of 100
Answers on the Map
Answers color-coded by a green-red scale on the quiz's map according to % correct below.
 
Answer Stats
Area Island % Correct
2,130,800 Greenland
98%
209,331 Great Britain
96%
101,826 Iceland
96%
84,421 Ireland
96%
587,041 Madagascar
96%
105,806 Cuba
95%
65,268 Sri Lanka
93%
65,022 Tasmania
89%
35,883 Taiwan
88%
748,168 Borneo
87%
138,794 Java
87%
25,662 Sicily
87%
145,836 South
87%
111,583 North
86%
73,929 Hispaniola
84%
11,190 Jamaica
84%
785,753 New Guinea
84%
23,949 Sardinia
83%
108,860 Newfoundland
82%
443,066 Sumatra
82%
8,741 C{orsica}
81%
9,234 Cyprus
81%
78,719 Hokkaido
81%
225,800 Honshu
81%
507,451 Baffin
74%
8,350 C{rete}
74%
109,965 Luzon
71%
180,681 Sulawesi
66%
9,100 P{uerto Rico}
64%
33,210 Hainan
62%
31,285 Vancouver
61%
217,291 Victoria
59%
72,493 Sakhalin
58%
28,418 Timor
58%
37,437 Kyushu
56%
196,236 Ellesmere
54%
97,530 Mindanao
53%
47,401 Tierra del Fuego
44%
18,545 Shikoku
43%
7,031 Z{ealand}
40%
70,028 Banks
35%
16,648 New Caledonia
32%
38,981 Spitsbergen
29%
10,434 Hawaiʻi
27%
35,145 New Britain
27%
14,154 Flores
26%
12,189 Palawan
25%
55,247 Devon
22%
13,075 Negros
22%
7,405 N{ew Ireland}
19%
47,079 Severny
19%
9,318 Bougainville
17%
9,310 Kodiak
17%
33,339 Prince of Wales
17%
6,675 P{rince of Wales}
17%
7,040 E{ast Falkland}
16%
14,204 October Revolution
15%
12,011 Panay
15%
41,214 Southampton
15%
10,711 Sumba
15%
33,246 Yuzhny
15%
43,178 Axel Heiberg
14%
10,311 Cape Breton
14%
7,368 L{eyte}
14%
40,100 Marajó
14%
10,572 Mindoro
14%
24,786 Somerset
13%
7,941 A{nticosti}
12%
11,206 Bolshevik
12%
18,040 Halmahera
12%
42,149 Melville
12%
12,849 Samar
12%
14,386 Sumbawa
12%
7,866 W{rangel}
12%
49,070 Alexander
11%
11,413 Bangka
11%
13,111 King William
11%
9,521 Prince Charles
11%
17,454 Seram
11%
10,531 Viti Levu
11%
15,848 Prince Patrick
10%
16,042 Bathurst
9%
6,995 C{ornwallis}
8%
14,467 Nordaustlandet
8%
20,000 Bananal
7%
43,873 Berkner
7%
8,473 B{uru}
7%
11,067 Bylot
7%
8,478 C{hiloé}
7%
11,295 Ellef Ringnes
7%
8,812 K{omsomolets}
7%
8,612 Q{eqertarsuaq}
7%
6,617 K{erguelen}
6%
24,000 Kotelny
6%
11,742 Yos Sudarso
6%
7,910 R{oosevelt}
5%
15,700 Thurston
5%
8,500 C{arney}
4%
6,390 S{iple}
4%
7,700 T{upinambarana}
3%
No matching quizzes found
Score Distribution
Percent of People with Each Score
Percentile by Number Answered
Your Score History
You have not taken this quiz